000 005070000a22001930004500
003 LK-CoMWRAF
005 20240212095932.0
008 230817t1993 ||||| |||| 00| 0 eng d
020 _a9812239081
040 _aLK-CoMWRAF
_dLK-CoMWRAF
_eLK-CoMWRAF
041 _aeng
082 _a423
_bLON
245 _aLongman New Junior English Dictionary
250 _aNew Edition
260 _aEngland:
_bLongman Group UK Ltd.,
_c1993
300 _a379 p.
650 _aENGLISH LANGUAGE-Dictionaries
942 _cBK
999 _c2199
_d2199